Trends in complex analysis, differential geometry, and mathematical physics : Proceedings of the 6th International Workshop on Complex Structures and Vector Fields : St. Konstantin, Bulgaria, 3-6 September 2002

The Sixth International Workshop on Complex Structures and Vector Fields was a continuation of the previous five workshops (1992, 1994, 1996, 1998, 2000) on similar research projects. This series of workshops aims at higher achievements in studies of new research subjects. The present volume will me...

Full description

Saved in:
Bibliographic Details
Format: Book
Language:Undetermined
Published: River Edge, NJ. World Scientific 2003
Subjects:
Tags: Add Tag
No Tags, Be the first to tag this record!
Institutions: Trung tâm Học liệu Trường Đại học Cần Thơ
LEADER 01101nam a2200205Ia 4500
001 CTU_157583
008 210402s9999 xx 000 0 und d
020 |c 142 
082 |a 515.7 
082 |b I.61 
245 0 |a Trends in complex analysis, differential geometry, and mathematical physics : 
245 0 |b Proceedings of the 6th International Workshop on Complex Structures and Vector Fields : St. Konstantin, Bulgaria, 3-6 September 2002 
245 0 |c editors, Stancho Dimiev, Kouei Sekigawa 
260 |a River Edge, NJ. 
260 |b World Scientific 
260 |c 2003 
520 |a The Sixth International Workshop on Complex Structures and Vector Fields was a continuation of the previous five workshops (1992, 1994, 1996, 1998, 2000) on similar research projects. This series of workshops aims at higher achievements in studies of new research subjects. The present volume will meet with the satisfaction of many readers. 
650 |a Functional analysis,Geometry, Differential,Mathematical physics 
904 |i Bạch Trúc 
980 |a Trung tâm Học liệu Trường Đại học Cần Thơ